[Event "Plymouth (MI Op/7/24)"]
[Site "?"]
[Date "1984.??.??"]
[Round "?"]
[White "Thurman, John"]
[Black "Bailey, Greg"]
[Result "0-1"]
[WhiteElo "1785"]
[BlackElo "1985"]
[PlyCount "68"]
[EventDate "1984.??.??"]

{7/(24)} 1. c4 Nf6 2. Nc3 g6 3. Nf3 Bg7 4. g3 O-O 5. Bg2 d6 6. d3 e5 7. Rb1 c6
8. O-O Nh5 9. Be3 d5 10. cxd5 cxd5 11. Bc5 Re8 12. Qb3 d4 13. Ne4 Be6 14. Qa3
Nd7 15. Nd6 Nxc5 16. Nxe8 Bf8 17. b4 Nd7 18. Rfc1 Qxe8 19. Rc7 a5 20. Qa4 axb4
21. Qb5 Bd6 22. Rxb7 Rb8 23. Rxb8 Qxb8 24. Qxb8+ Nxb8 25. Rb2 f6 26. Nd2 Nd7
27. Nb3 Ng7 28. Rc2 Kf7 29. Kf1 Ne8 30. Na5 Nc5 31. Nc4 Bf8 32. Rb2 Na4 33. Rc2
Nc3 34. Bc6 Nd6 0-1

[Event "Plymouth (MI Op/3/83)"]
[Site "?"]
[Date "1984.??.??"]
[Round "?"]
[White "Thorsen, K.."]
[Black "Tumpkin, R.."]
[Result "1-0"]
[WhiteElo "1680"]
[BlackElo "1605"]
[PlyCount "78"]
[EventDate "1984.??.??"]

{3/(83)} 1. e4 c5 2. Nc3 Nc6 3. g3 Nf6 4. Bg2 d6 5. d3 e5 6. f4 exf4 7. gxf4
Be7 8. Nf3 Bg4 9. O-O Qd7 10. Be3 h5 11. Qd2 Bxf3 12. Rxf3 Ng4 13. Bh3 Bf6 14.
Nd5 O-O-O 15. c3 Kb8 16. Rb1 b5 17. b4 c4 18. a4 a6 19. axb5 axb5 20. Ra1 Kb7
21. Nb6 Qe8 22. Qa2 Bxc3 23. Qa6+ Kc7 24. Nd5+ Kd7 25. Qb7+ Ke6 26. Nc7+ Kf6
27. Nxe8+ Rhxe8 28. Ra6 Ne7 29. e5+ Kg6 30. exd6 Nf5 31. d7+ Re6 32. Rxe6+ fxe6
33. Qxb5 Ngxe3 34. Bxf5+ Nxf5 35. dxc4 Bd4+ 36. Kh1 Kf7 37. c5 Ke7 38. c6 Kd6
39. Rd3 Kc7 1-0

[Event "Plymouth (MI Op/1b/20)"]
[Site "?"]
[Date "1984.??.??"]
[Round "?"]
[White "Thorsen, K.."]
[Black "Smith, Les L"]
[Result "0-1"]
[WhiteElo "1680"]
[BlackElo "1945"]
[PlyCount "42"]
[EventDate "1984.??.??"]

1. e4 e5 2. Nf3 f5 3. Nc3 fxe4 4. Nxe4 d5 5. Ng3 Bd6 6. d3 Nf6 7. Qe2 O-O 8.
Bg5 Nc6 9. h3 h6 10. Bh4 g5 11. Nxg5 hxg5 12. Bxg5 Qe8 13. h4 Nd4 14. Qd2 Ng4
15. f3 Rxf3 16. Ne2 Rf7 17. O-O-O Nf2 18. Bh6 Nxh1 19. Qg5+ Kh8 20. Re1 Qg8 21.
Qe3 Nf5 0-1

[Event "Plymouth (MI Op/7/52)"]
[Site "?"]
[Date "1984.??.??"]
[Round "?"]
[White "Thorsen, K.."]
[Black "Hale, M.."]
[Result "1/2-1/2"]
[WhiteElo "1680"]
[BlackElo "1605"]
[PlyCount "82"]
[EventDate "1984.??.??"]

{7/(52)} 1. e4 c5 2. Nc3 Nc6 3. g3 g6 4. Bg2 Bg7 5. d3 e6 6. f4 Nge7 7. Nf3 O-O
8. O-O Nd4 9. Be3 d6 10. Qd2 Nec6 11. Nd1 Nxf3+ 12. Bxf3 Nd4 13. Bg2 Rb8 14. c3
Nc6 15. a4 Qa5 16. Nf2 Bd7 17. Rfb1 Qc7 18. Rd1 Na5 19. Ra3 b6 20. b4 Nc6 21.
d4 c4 22. d5 exd5 23. Qxd5 Be6 24. Qxd6 Qxd6 25. Rxd6 Ne7 26. a5 b5 27. Bxa7
Rb7 28. Bc5 Nc8 29. e5 Nxd6 30. Bxd6 Ra7 31. Bxf8 Bxf8 32. Ne4 Be7 33. Kf2 Kf8
34. Ke3 Rd7 35. Nd6 Bd8 36. Nxb5 Rd3+ 37. Ke2 Bg4+ 38. Ke1 Rd1+ 39. Kf2 Rd2+
40. Kg1 Rd1+ 41. Kf2 Rd2+ 1/2-1/2

[Event "Plymouth (MI Op/5/61)"]
[Site "?"]
[Date "1984.??.??"]
[Round "?"]
[White "Thorsen, K.."]
[Black "Dmuchowski, Frank"]
[Result "1-0"]
[WhiteElo "1680"]
[BlackElo "1605"]
[PlyCount "53"]
[EventDate "1984.??.??"]

{5/(61)} 1. e4 e5 2. Nf3 Nc6 3. d4 Nf6 4. dxe5 Nxe4 5. Qd5 Nc5 6. Bc4 Ne6 7.
O-O Nb4 8. Qd2 d5 9. exd6 Qxd6 10. Qe2 Be7 11. Rd1 Qc6 12. Bb5 Qxb5 13. Qxb5+
c6 14. Qe2 O-O 15. Nc3 b6 16. a3 Ba6 17. Qe4 Nd5 18. Nxd5 cxd5 19. Qg4 Bc8 20.
Qg3 Re8 21. Rxd5 Bf6 22. Ng5 Nxg5 23. Bxg5 Bxb2 24. Rad1 Bb7 25. Rd8 Be5 26.
Rxe8+ Rxe8 27. Qxe5 1-0

[Event "East Detroit (MCO/3/47)"]
[Site "?"]
[Date "1984.??.??"]
[Round "?"]
[White "Thornton, Ivan"]
[Black "Suess, J.."]
[Result "0-1"]
[WhiteElo "1605"]
[BlackElo "1605"]
[PlyCount "76"]
[EventDate "1984.??.??"]

{3/(47)} 1. e4 e6 2. e5 d6 3. Nf3 c6 4. b4 Nd7 5. Bb2 Qc7 6. c4 d5 7. c5 b6 8.
d4 Ne7 9. Be2 Ng6 10. Ng5 h6 11. Nxf7 Kxf7 12. Bh5 Kg8 13. Bxg6 Nb8 14. f4 Qe7
15. g3 Bd7 16. O-O Be8 17. Bxe8 Qxe8 18. f5 exf5 19. Rxf5 Qe6 20. Qf1 Nd7 21.
Qh3 Qg6 22. e6 Nf6 23. Nd2 Ng4 24. Raf1 Ne3 25. Rxf8+ Rxf8 26. Rxf8+ Kxf8 27.
cxb6 axb6 28. b5 cxb5 29. Ba3+ Ke8 30. e7 Qg4 31. Qxg4 Nxg4 32. Nf3 Ne3 33. Ne5
Rh7 34. h4 Nf5 35. Ng6 Nxg3 36. Kf2 Nf5 37. Kf3 Nxd4+ 38. Ke3 Nc2+ 0-1

[Event "East Detroit (MCO/1/28)"]
[Site "?"]
[Date "1984.??.??"]
[Round "?"]
[White "Thornton, Ivan"]
[Black "Bautista, L.."]
[Result "0-1"]
[WhiteElo "1605"]
[BlackElo "1875"]
[PlyCount "76"]
[EventDate "1984.??.??"]

{1/(28)} 1. e4 Nf6 2. e5 Nd5 3. c4 Nb6 4. c5 Nd5 5. Qf3 e6 6. d4 Nc6 7. Be3 d6
8. Nh3 dxe5 9. Ng5 f6 10. Ne4 exd4 11. Bxd4 Nxd4 12. Qd1 Nb4 13. Na3 Qd5 14.
Bd3 Bxc5 15. Nxc5 Qxc5 16. O-O O-O 17. Rc1 Qe5 18. Rc4 Nxd3 19. Qxd3 Nc6 20.
Qc2 Qf5 21. Qe2 Rd8 22. Nc2 e5 23. Re4 Qg6 24. h3 Bf5 25. Rc4 Bd3 26. Qf3 Bxc4
27. Rc1 Bd5 28. Qg3 Qxg3 29. fxg3 Bxa2 30. g4 Nd4 31. Kh2 Nxc2 32. Rxc2 c6 33.
h4 Rd3 34. g5 f5 35. g3 Rad8 36. Kh3 f4 37. Kg4 Be6+ 38. Kh5 Rxg3 0-1

[Event "Plymouth (MI Op/6/16)"]
[Site "?"]
[Date "1984.??.??"]
[Round "?"]
[White "Thompson, Dexter"]
[Black "Smith, Walt"]
[Result "0-1"]
[WhiteElo "2130"]
[BlackElo "1980"]
[PlyCount "54"]
[EventDate "1984.??.??"]

{6/(16)} 1. e4 c5 2. d4 cxd4 3. c3 dxc3 4. Nxc3 Nc6 5. Nf3 a6 6. Bc4 e6 7. O-O
Qc7 8. Qe2 Nge7 9. Be3 Ng6 10. Rac1 Qb8 11. Bb3 b5 12. Nd4 Na5 13. Ndxb5 axb5
14. Nxb5 Nc6 15. f4 Ra5 16. a4 Ba6 17. f5 Nge5 18. fxe6 fxe6 19. Qh5+ g6 20.
Qh4 Be7 21. Bg5 Bxb5 22. axb5 Rxb5 23. Bxe7 g5 24. Bxg5 Ng6 25. Qh6 Nce5 26.
Bc4 Ng4 27. Qg7 Qxh2# 0-1

[Event "Plymouth (MI Op/1a/7)"]
[Site "?"]
[Date "1984.??.??"]
[Round "?"]
[White "Thompson, Dexter"]
[Black "Prusaitis, William"]
[Result "1-0"]
[WhiteElo "2130"]
[BlackElo "1895"]
[PlyCount "71"]
[EventDate "1984.??.??"]

1. e4 e5 2. Nf3 Nc6 3. d4 exd4 4. c3 dxc3 5. Bc4 Bb4 6. Nxc3 d6 7. O-O Bxc3 8.
bxc3 Nf6 9. e5 Nxe5 10. Nxe5 dxe5 11. Qb3 Qe7 12. Ba3 c5 13. Bb5+ Kf8 14. Rad1
Be6 15. Qa4 g6 16. Qh4 Kg7 17. Qg5 Qc7 18. Rfe1 a6 19. Bf1 Bxa2 20. c4 Bb3 21.
Rd3 Bc2 22. Rf3 Bf5 23. Rxf5 Qd8 24. Rfxe5 h6 25. Qf4 b5 26. Bxc5 Rc8 27. Be7
Qb6 28. Re6 Qxe6 29. Rxe6 Nh5 30. Qe5+ Kh7 31. Rxa6 bxc4 32. g4 c3 33. gxh5 c2
34. hxg6+ fxg6 35. Qf6 Rhg8 36. Ba3 1-0

[Event "Plymouth (MI Op/4/1)"]
[Site "?"]
[Date "1984.??.??"]
[Round "?"]
[White "Thompson, Dexter"]
[Black "Noren, Kevin"]
[Result "0-1"]
[WhiteElo "2130"]
[BlackElo "2210"]
[PlyCount "76"]
[EventDate "1984.??.??"]

{4/(1)} 1. e4 e5 2. Nf3 d6 3. Bc4 Be7 4. d3 Nf6 5. O-O Nc6 6. a4 O-O 7. Nc3 Bg4
8. h3 Bh5 9. Be3 Kh8 10. Kh2 Nd4 11. Bxd4 exd4 12. Ne2 Bxf3 13. gxf3 d5 14. Bb3
Bd6+ 15. Kg2 Nh5 16. Qd2 Bf4 17. Nxf4 Qg5+ 18. Kh2 Nxf4 19. Rg1 Qe5 20. Rg4 g5
21. Rag1 Rg8 22. Kh1 Nxh3 23. R1g3 Nf4 24. c3 c5 25. cxd4 cxd4 26. Rg1 Rg6 27.
Rc1 Rh6+ 28. Kg1 Rg8 29. Rg3 Rh4 30. exd5 Qf6 31. Kf1 Rh1+ 32. Rg1 Qh6 33. Qb4
Qh3+ 34. Ke1 Nxd3+ 35. Kd2 Nxb4 36. Rxh1 Qxf3 37. Bc4 Qxf2+ 38. Kd1 d3 0-1

[Event "Plymouth (MI Op/2/65)"]
[Site "?"]
[Date "1984.??.??"]
[Round "?"]
[White "Thomas, Henry"]
[Black "King, J.."]
[Result "1-0"]
[WhiteElo "1685"]
[BlackElo "1605"]
[PlyCount "43"]
[EventDate "1984.??.??"]

{2/(65)} 1. f4 d5 2. Nf3 c5 3. e3 Nf6 4. b3 e6 5. Be2 Nc6 6. Bb2 Bd6 7. O-O O-O
8. Qe1 d4 9. Bd3 dxe3 10. dxe3 Re8 11. Nbd2 e5 12. Qg3 exf4 13. exf4 g6 14.
Rae1 Be6 15. Ng5 Nh5 16. Qf3 Bxf4 17. Nxe6 Bxh2+ 18. Kxh2 Qh4+ 19. Kg1 Qe7 20.
Ng5 Qc7 21. Nxf7 Rf8 22. Nh6# 1-0

[Event "Plymouth (MI Op/7/63)"]
[Site "?"]
[Date "1984.??.??"]
[Round "?"]
[White "Thomas, Henry"]
[Black "Conley, Steve"]
[Result "0-1"]
[WhiteElo "1685"]
[BlackElo "1605"]
[PlyCount "90"]
[EventDate "1984.??.??"]

{7/(63)} 1. f4 d6 2. b3 e5 3. fxe5 dxe5 4. d3 Nc6 5. Nc3 Bb4 6. Bd2 Qf6 7. Ne4
Bxd2+ 8. Qxd2 Qd8 9. O-O-O Nf6 10. Nc3 O-O 11. Nf3 Ng4 12. e3 Qe7 13. Kb2 Rd8
14. Qe1 b6 15. h3 Nh6 16. g4 f6 17. Bg2 Bb7 18. Nh4 Rab8 19. Nd5 Qf7 20. c4 Rd7
21. Rf1 Ne7 22. g5 Nxd5 23. cxd5 Bxd5 24. Bxd5 Qxd5 25. gxh6 g5 26. Nf3 a5 27.
Qc3 Qf7 28. Qc4 Qxc4 29. dxc4 Rf7 30. h4 Rbf8 31. hxg5 fxg5 32. Nh2 Rf2+ 33.
Kc3 Rxh2 34. Rxf8+ Kxf8 35. Rd5 Rxh6 36. Rxe5 Rg6 37. Rf5+ Ke7 38. Rf3 g4 39.
Rg3 h5 40. Kd2 h4 41. Rg1 g3 42. Ke2 h3 43. Kf3 g2 44. Kf2 h2 45. Rxg2 h1=Q 0-1

[Event "Plymouth (MI Op/4/31)"]
[Site "?"]
[Date "1984.??.??"]
[Round "?"]
[White "Thomas, Henry"]
[Black "Bemben, R.."]
[Result "0-1"]
[WhiteElo "1685"]
[BlackElo "1930"]
[PlyCount "96"]
[EventDate "1984.??.??"]

{4/(31)} 1. e4 c6 2. f4 d5 3. e5 Bf5 4. d3 c5 5. g4 Bd7 6. Nc3 e6 7. Nf3 Nc6 8.
Bg2 h5 9. g5 h4 10. Bh3 g6 11. Qe2 Nd4 12. Qf2 Nxf3+ 13. Qxf3 Ne7 14. Bd2 Rc8
15. Nd1 Nc6 16. Nf2 b5 17. Ng4 Bg7 18. Be3 Qa5+ 19. Bd2 Qb6 20. c3 b4 21. O-O
d4 22. c4 Ne7 23. Nf6+ Bxf6 24. gxf6 Bc6 25. Qg4 Nf5 26. Rf2 Kd7 27. Bg2 Bxg2
28. Qxg2 Rh5 29. a3 bxa3 30. Rxa3 h3 31. Qf1 Nh4 32. Qxh3 Qb7 33. Kf1 Ra8 34.
b3 Rah8 35. Be1 Nf5 36. Qf3 Ne3+ 37. Ke2 Qb6 38. Bd2 Nf5 39. Qg2 Rh3 40. Qh1
R8h7 41. Qg2 Rh8 42. Ba5 Qb8 43. Bd2 Ne3 44. Qg1 Qb7 45. Ra2 Ra8 46. Qb1 Ng4
47. Qg1 Nxf2 48. Qxf2 Rah8 0-1

[Event "Plymouth (MI Op/1b/7)"]
[Site "?"]
[Date "1984.??.??"]
[Round "?"]
[White "Thomas, Carlton"]
[Black "Owens, James"]
[Result "1-0"]
[WhiteElo "2100"]
[BlackElo "1825"]
[PlyCount "69"]
[EventDate "1984.??.??"]

1. d4 d5 2. c4 dxc4 3. Nf3 e6 4. e3 Nf6 5. Bxc4 c5 6. O-O Nc6 7. Nc3 cxd4 8.
exd4 Be7 9. Re1 O-O 10. h3 a6 11. Bf4 b5 12. Bb3 Bd6 13. Bg5 h6 14. Bxf6 Qxf6
15. Rc1 Bb7 16. Ne4 Qd8 17. d5 Ne5 18. Nxe5 Bxe5 19. Nc5 Bf4 20. Nxb7 Qb6 21.
Rc2 Qxb7 22. dxe6 fxe6 23. Bxe6+ Kh8 24. Bd5 Qa7 25. Bxa8 Rxa8 26. Rce2 Bg5 27.
Re8+ Rxe8 28. Rxe8+ Kh7 29. Qd3+ g6 30. Qd5 Qg7 31. Rb8 h5 32. Rb7 Be7 33. Qe6
Qxb2 34. Rxe7+ Kh6 35. Qe3+ 1-0

[Event "Plymouth (MI Op/7/17)"]
[Site "?"]
[Date "1984.??.??"]
[Round "?"]
[White "Thomas, C.."]
[Black "Ward, Tim"]
[Result "1-0"]
[WhiteElo "2100"]
[BlackElo "1890"]
[PlyCount "57"]
[EventDate "1984.??.??"]

{7/(17)} 1. e4 e6 2. d4 d5 3. Nc3 Nf6 4. e5 Nfd7 5. Qg4 c5 6. Be3 Nc6 7. Nf3
cxd4 8. Bxd4 Nxd4 9. Nxd4 Nxe5 10. Qg3 Bd6 11. Qxg7 Ng6 12. Qh6 Bd7 13. Bd3 Qf6
14. Nf3 Rc8 15. O-O Bf4 16. Qh5 O-O 17. Rae1 Qg7 18. Ne2 e5 19. Bf5 Bxf5 20.
Qxf5 Rc6 21. Qd7 e4 22. Nfd4 Ne5 23. Nf5 Nf3+ 24. Kh1 Rh6 25. h3 Qg5 26. Nxh6+
Qxh6 27. gxf3 Kh8 28. Nxf4 f5 29. Rg1 1-0

[Event "East Detroit (MCO/2/7)"]
[Site "?"]
[Date "1984.??.??"]
[Round "?"]
[White "Thomas, C.."]
[Black "Jimenez, B.."]
[Result "1-0"]
[WhiteElo "2115"]
[BlackElo "1775"]
[PlyCount "85"]
[EventDate "1984.??.??"]

{2/(7)} 1. d4 d5 2. Nf3 Nf6 3. c4 e6 4. Nc3 c5 5. cxd5 Nxd5 6. e4 cxd4 7. Qxd4
Nb4 8. Qxd8+ Kxd8 9. Bg5+ f6 10. O-O-O+ Ke8 11. Be3 Be7 12. a3 N4c6 13. Nb5 Na6
14. Bc4 Na5 15. Ba2 Bd7 16. Nbd4 Rc8+ 17. Kb1 Nc7 18. e5 Nc6 19. exf6 Bxf6 20.
Rhe1 Kf7 21. Nf5 Rcd8 22. Nd6+ Kg8 23. Nxb7 Rb8 24. Rxd7 Rxb7 25. Bxe6+ Kf8 26.
Bc5+ Ne7 27. Bxe7+ Bxe7 28. Rxe7 Rxb2+ 29. Kxb2 Kxe7 30. Bc4+ Kf6 31. Re4 g5
32. h4 h6 33. hxg5+ hxg5 34. Rd4 Rb8+ 35. Kc2 Rb6 36. Rd7 Nb5 37. Rf7+ Kg6 38.
Ne5+ Kh6 39. Bd3 Nxa3+ 40. Kd2 Nb1+ 41. Ke3 g4 42. Kf4 Rb4+ 43. Nc4 1-0

[Event "Plymouth (MI Op/3/27)"]
[Site "?"]
[Date "1984.??.??"]
[Round "?"]
[White "Thomas, C.."]
[Black "Hazzard, Bill"]
[Result "1-0"]
[WhiteElo "2100"]
[BlackElo "1660"]
[PlyCount "89"]
[EventDate "1984.??.??"]

{3/(27)} 1. d4 Nf6 2. c4 d6 3. Nc3 Nbd7 4. Nf3 c5 5. d5 g6 6. g3 Bg7 7. Bg2 O-O
8. O-O Re8 9. Qd3 Ng4 10. b3 Nde5 11. Nxe5 Nxe5 12. Qc2 a6 13. Bb2 Bf5 14. e4
Bg4 15. f3 Bd7 16. Ne2 Qc7 17. f4 Ng4 18. Bxg7 Kxg7 19. h3 Ne3 20. Qc3+ Kg8 21.
Qxe3 e6 22. Nc3 Rad8 23. f5 exf5 24. Qh6 Re5 25. exf5 Bxf5 26. g4 Bc8 27. Ne4
f5 28. Nf6+ Kh8 29. g5 Qe7 30. Qh4 Re2 31. Rae1 Re5 32. Rxe5 dxe5 33. Re1 Rd7
34. Nxd7 Bxd7 35. Qf4 e4 36. d6 Qg7 37. Qd2 Qe5 38. Qd5 Qg3 39. Qd2 f4 40. Rxe4
f3 41. Qc3+ Kg8 42. Qxf3 Qxd6 43. Qf6 Qd1+ 44. Kh2 Bc6 45. Rf4 1-0

[Event "Plymouth (MI Op/5/23)"]
[Site "?"]
[Date "1984.??.??"]
[Round "?"]
[White "Thomas, C.."]
[Black "Franke, R.."]
[Result "1/2-1/2"]
[WhiteElo "2100"]
[BlackElo "1845"]
[PlyCount "86"]
[EventDate "1984.??.??"]

{5/(23)} 1. d4 f5 2. c4 Nf6 3. Nc3 b6 4. Bg5 e6 5. Nf3 Be7 6. e3 Bb7 7. Be2 Ne4
8. Bxe7 Qxe7 9. O-O O-O 10. Rc1 d6 11. d5 Nxc3 12. Rxc3 e5 13. e4 f4 14. Ne1
Nd7 15. Bg4 Nf6 16. Be6+ Kh8 17. Rh3 Bc8 18. Bxc8 Raxc8 19. Qd3 g5 20. f3 g4
21. fxg4 Nxg4 22. Nf3 Rg8 23. Nh4 Ne3 24. Rf2 Rg4 25. Nf5 Nxf5 26. exf5 Rcg8
27. Kf1 Qg5 28. f6 Qg6 29. Qxg6 R8xg6 30. Ra3 Rxf6 31. Rxa7 Rf7 32. h3 Rg3 33.
Ra8+ Kg7 34. Re8 Kf6 35. Rf3 Rxf3+ 36. gxf3 Re7 37. Rxe7 Kxe7 38. b4 Kd7 39. a4
Kc8 40. Ke2 Kb7 41. Kd3 Kc8 42. Ke4 Kb7 43. h4 Kc8 1/2-1/2

[Event "East Detroit (MCO/4/13)"]
[Site "?"]
[Date "1984.??.??"]
[Round "?"]
[White "Thomas, C.."]
[Black "Coleman, John"]
[Result "1/2-1/2"]
[WhiteElo "2115"]
[BlackElo "1760"]
[PlyCount "116"]
[EventDate "1984.??.??"]

{4/(13)} 1. d4 Nf6 2. c4 e6 3. Nf3 b6 4. g3 Bb7 5. Bg2 c5 6. O-O Be7 7. Nc3 d5
8. cxd5 Nxd5 9. Nxd5 exd5 10. dxc5 bxc5 11. Qa4+ Qd7 12. Qc2 Na6 13. Ne5 Nb4
14. Qd1 Qe6 15. Qa4+ Nc6 16. Nxc6 Bxc6 17. Qa6 O-O 18. Bf4 Bf6 19. Rac1 c4 20.
Rc2 Qd7 21. Bh3 Qb7 22. Qa3 Rfe8 23. Bg4 Bd7 24. Bf3 Qb5 25. Rd2 Be6 26. Rfd1
Red8 27. e4 dxe4 28. Rxd8+ Rxd8 29. Rxd8+ Bxd8 30. Bxe4 Bb6 31. Qd6 Qd7 32.
Qb8+ Qd8 33. Qxd8+ Bxd8 34. a3 Bf6 35. Bc1 Bd4 36. Kf1 h6 37. Ke2 Kf8 38. f3
Ke7 39. g4 g5 40. Kd1 Kd6 41. Kc2 Ke5 42. h3 Bf2 43. Bd2 Bd4 44. Bb4 f5 45. Bc6
fxg4 46. hxg4 Bd5 47. Bxd5 Kxd5 48. Bf8 Bf6 49. Bb4 Bd4 50. a4 Ke5 51. Bd2 Kd5
52. b4 cxb3+ 53. Kxb3 Bc5 54. Kc3 Ke5 55. Kc4 Bb6 56. a5 Bxa5 57. Bxa5 Kf4 58.
Bc3 Kxf3 1/2-1/2

[Event "Plymouth (MI Op/6/62)"]
[Site "?"]
[Date "1984.??.??"]
[Round "?"]
[White "Theuerle, P.."]
[Black "Zorn, G.."]
[Result "0-1"]
[WhiteElo "1640"]
[BlackElo "1605"]
[PlyCount "108"]
[EventDate "1984.??.??"]

{6/(62)} 1. e4 c5 2. Bc4 a6 3. a3 d6 4. d3 e6 5. Nc3 Nf6 6. Ba2 g6 7. Bg5 Bg7
8. Qf3 O-O 9. Nge2 Nbd7 10. Ng3 Qb6 11. Bb3 h6 12. Bf4 Qc6 13. h3 Rb8 14. Rb1
b5 15. Qe2 Nb6 16. Ba2 Bb7 17. O-O Rbd8 18. f3 Kh7 19. Qf2 Rfe8 20. Be3 Nfd7
21. f4 d5 22. exd5 Nxd5 23. Bd2 Bd4 24. Nce4 Bxf2+ 25. Rxf2 f5 26. Nc3 Nxc3 27.
Bxc3 Nb6 28. b3 Nd5 29. Bd2 Kg7 30. Re1 Kf7 31. Rfe2 b4 32. Bb1 a5 33. Rc1 Nc3
34. Rf2 Kf6 35. Ne2 Nxe2+ 36. Rxe2 e5 37. axb4 axb4 38. Rf1 exf4 39. Ref2 g5
40. c3 bxc3 41. Bxc3+ Kg6 42. Rc1 Qd5 43. Bc2 Re3 44. Kh2 Rde8 45. Rcf1 Re2 46.
Bd2 Rxf2 47. Rxf2 Ra8 48. h4 Qd4 49. Rf1 Qd5 50. Rg1 Ra1 51. h5+ Kh7 52. d4
Rxg1 53. Bxf5+ Kg8 54. Bh3 Rxg2+ 0-1

[Event "East Detroit (MCO/4/37)"]
[Site "?"]
[Date "1984.??.??"]
[Round "?"]
[White "Theuerle, P.."]
[Black "Safronoff, W.."]
[Result "1-0"]
[WhiteElo "1605"]
[BlackElo "1605"]
[PlyCount "97"]
[EventDate "1984.??.??"]

{4/(37)} 1. e4 e5 2. Bc4 Nc6 3. a3 Bc5 4. Nf3 d6 5. h3 Nf6 6. d3 O-O 7. Bg5 h6
8. Bh4 a6 9. Nc3 Na5 10. Ba2 b5 11. b4 Bxf2+ 12. Bxf2 Nc6 13. g4 Bd7 14. Qd2
Ne7 15. g5 hxg5 16. Nxg5 c6 17. Qe3 Nh5 18. Bg3 a5 19. Qf3 Nf6 20. Kd2 Ng6 21.
Qe3 Qe7 22. Ne2 Be6 23. Nxe6 fxe6 24. c3 a4 25. Qg1 Qf7 26. Rf1 Rab8 27. Qg2
Kh7 28. Rhg1 Rh8 29. Be1 Qe8 30. Bxe6 Rb7 31. Bf5 Kg8 32. Bxg6 Qe6 33. Nc1 Rh6
34. Bf5 Qe7 35. h4 c5 36. Bh3 Rb8 37. Bf2 Rd8 38. Qg5 Rh7 39. Qf5 d5 40. Qe6+
Qxe6 41. Bxe6+ Kf8 42. Bxd5 cxb4 43. Bc5+ Ke8 44. Bxb4 Rd7 45. Bc6 Rxh4 46.
Rxg7 Kd8 47. Bxd7 Nxd7 48. Rff7 Nb6 49. Rg8# 1-0

[Event "Plymouth (MI Op/4/68)"]
[Site "?"]
[Date "1984.??.??"]
[Round "?"]
[White "Theuerle, P.."]
[Black "Leonard, K.."]
[Result "1-0"]
[WhiteElo "1640"]
[BlackElo "1605"]
[PlyCount "61"]
[EventDate "1984.??.??"]

{4/(68)} 1. e4 b6 2. Bc4 Bb7 3. d3 e6 4. a3 Nf6 5. Nc3 Be7 6. f4 Nc6 7. Nf3 d5
8. exd5 Nxd5 9. O-O Nxc3 10. bxc3 O-O 11. Qe2 Bf6 12. d4 Ne7 13. a4 Nd5 14. Bd2
Qd6 15. Ne5 c5 16. Bd3 Qc7 17. c4 Ne7 18. dxc5 Qxc5+ 19. Kh1 Rad8 20. Rab1 Qc7
21. Bb4 Rfe8 22. Ng4 Bd4 23. Be1 Ng6 24. Bd2 e5 25. fxe5 Bxe5 26. Nxe5 Rxe5 27.
Qg4 Rxd3 28. cxd3 Nh4 29. Rf2 Nxg2 30. Rxg2 Qc5 31. Qxg7# 1-0

[Event "East Detroit (MCO/2/18)"]
[Site "?"]
[Date "1984.??.??"]
[Round "?"]
[White "Theuerle, P.."]
[Black "Kebrdle, M.."]
[Result "0-1"]
[WhiteElo "1605"]
[BlackElo "1975"]
[PlyCount "84"]
[EventDate "1984.??.??"]

{2/(18)} 1. e4 c6 2. d4 d5 3. Nc3 dxe4 4. Nxe4 Nf6 5. Bd3 Nxe4 6. Bxe4 Nd7 7.
c3 Nf6 8. Bf3 Qc7 9. Ne2 e6 10. O-O Bd6 11. Ng3 b6 12. c4 Bb7 13. Re1 O-O-O 14.
Qb3 h5 15. Bg5 h4 16. Nf1 h3 17. g3 c5 18. Bxf6 gxf6 19. d5 Be5 20. Rad1 exd5
21. cxd5 Rhg8 22. Qc4 Kb8 23. Kh1 Bxb2 24. Ne3 Bd4 25. Kg1 Qf4 26. Bh1 Bxe3 27.
Qxf4+ Bxf4 28. Re7 Be5 29. Rxf7 Bd4 30. Re1 Rge8 31. Re6 Bc8 32. Ree7 Rxe7 33.
Rxe7 Bb7 34. Rh7 Bxd5 35. Bxd5 Rxd5 36. Kf1 c4 37. Rh8+ Kb7 38. Rh7+ Ka6 39.
Ke2 Bc5 40. g4 c3 41. Rxh3 Bb4 42. Rd3 c2 0-1

[Event "East Detroit (MCO/6/34)"]
[Site "?"]
[Date "1984.??.??"]
[Round "?"]
[White "Theuerle, P.."]
[Black "Choyke, J.."]
[Result "1-0"]
[WhiteElo "1605"]
[BlackElo "1605"]
[PlyCount "131"]
[EventDate "1984.??.??"]

{6/(34)} 1. e4 Nf6 2. Nc3 d5 3. e5 Nfd7 4. d4 e6 5. Nf3 c5 6. Be3 Nc6 7. Bb5
Qc7 8. Bxc6 bxc6 9. Ne2 Be7 10. c3 O-O 11. O-O Rb8 12. Qc2 Ba6 13. Rfe1 Rfc8
14. Ng5 Bxg5 15. Bxg5 cxd4 16. cxd4 c5 17. Rac1 Rb7 18. Qd2 Qb8 19. b3 cxd4 20.
Nxd4 Rbc7 21. Rcd1 Rc3 22. Qf4 Nc5 23. Re3 Nd3 24. Qf3 Qc7 25. h3 h6 26. Bf4
Nxf4 27. Qxf4 Rxe3 28. fxe3 Qc3 29. Kh2 Bd3 30. Qf2 Be4 31. Qd2 Qc7 32. Nf3
Bxf3 33. gxf3 Qxe5+ 34. f4 Qc3 35. Qxc3 Rxc3 36. e4 dxe4 37. Rd2 Rd3 38. Re2 f5
39. h4 Kf7 40. b4 Rd7 41. b5 Kf6 42. a4 Rb7 43. Rg2 Rb6 44. Rb2 a6 45. a5 Rxb5
46. Rxb5 axb5 47. a6 e3 48. Kg2 e2 49. Kf2 b4 50. a7 b3 51. a8=Q b2 52. Qa2
b1=Q 53. Qxb1 g5 54. Qb2+ Kg6 55. fxg5 hxg5 56. hxg5 Kxg5 57. Qxe2 Kf6 58. Kf3
e5 59. Qe3 Ke6 60. Qb6+ Kf7 61. Qd6 Kg7 62. Qxe5+ Kg6 63. Kf4 Kh6 64. Qf6+ Kh5
65. Qg7 Kh4 66. Qh6# 1-0

[Event "Plymouth (MI Op/2/74)"]
[Site "?"]
[Date "1984.??.??"]
[Round "?"]
[White "Theuerle, P.."]
[Black "Choyke, J.."]
[Result "1-0"]
[WhiteElo "1640"]
[BlackElo "1605"]
[PlyCount "39"]
[EventDate "1984.??.??"]

{2/(74)} 1. e4 Nf6 2. Nc3 d5 3. e5 Ne4 4. Qf3 Nxc3 5. Qxc3 g6 6. e6 d4 7. exf7+
Kxf7 8. Qf3+ Ke8 9. Bc4 Qd6 10. Qf7+ Kd8 11. d3 Nc6 12. Nf3 Ne5 13. Nxe5 Qxe5+
14. Kf1 Bg7 15. Bf4 Qf6 16. Qd5+ Ke8 17. Bxc7 e6 18. Re1 Kf7 19. Qe4 Re8 20.
Bb5 {[Remainder illegible; 1-0, 36?]} 1-0

[Event "Plymouth (MI Op/7/30)"]
[Site "?"]
[Date "1984.??.??"]
[Round "?"]
[White "Teismann, J.."]
[Black "Skidmore, Mike"]
[Result "0-1"]
[WhiteElo "1725"]
[BlackElo "1905"]
[PlyCount "78"]
[EventDate "1984.??.??"]

{7/(30)} 1. c4 c5 2. Nf3 Nc6 3. d4 cxd4 4. Nxd4 Nf6 5. Nc3 g6 6. e4 d6 7. Be2
Bg7 8. Be3 Na5 9. h3 O-O 10. O-O Re8 11. g4 Qd7 12. f4 Nc6 13. Rf2 e5 14. Ndb5
Nd4 15. Nxd4 exd4 16. Bxd4 Nxe4 17. Nxe4 Rxe4 18. Bxg7 Kxg7 19. Qc2 Qe7 20.
Qc3+ Kg8 21. Bd3 Re3 22. Re2 Bxg4 23. hxg4 Rxe2 24. Bxe2 Qxe2 25. Qh3 Re8 26.
Rf1 Qxc4 27. f5 Qd4+ 28. Kh1 Re3 29. Qh4 Qe4+ 30. Kg1 Qd4 31. Kh1 Qe4+ 32. Kg1
h5 33. fxg6 Qxg6 34. Kf2 Re4 35. Qd8+ Kg7 36. Rd1 Rf4+ 37. Ke3 Qe4+ 38. Kd2
Rf2+ 39. Kc3 Qc2+ 0-1

[Event "Plymouth (MI Op/3/65)"]
[Site "?"]
[Date "1984.??.??"]
[Round "?"]
[White "Teismann, J.."]
[Black "Patterson, M.."]
[Result "1/2-1/2"]
[WhiteElo "1725"]
[BlackElo "1605"]
[PlyCount "37"]
[EventDate "1984.??.??"]

{3/(65)} 1. c4 Nf6 2. d4 g6 3. Nc3 Bg7 4. e4 d6 5. Nf3 O-O 6. Be2 e5 7. d5 Nbd7
8. O-O b6 9. b4 Nh5 10. Qc2 f5 11. Ng5 Ndf6 12. exf5 gxf5 13. Bxh5 Nxh5 14. g4
Bh6 15. Ne6 Bxe6 16. Bxh6 Qh4 17. gxh5 Qg4+ 18. Kh1 Qf3+ 19. Kg1 1/2-1/2

[Event "Plymouth (MI Op/1a/42)"]
[Site "?"]
[Date "1984.??.??"]
[Round "?"]
[White "Teismann, J.."]
[Black "Johnson, Richard"]
[Result "0-1"]
[WhiteElo "1725"]
[BlackElo "1895"]
[PlyCount "48"]
[EventDate "1984.??.??"]

1. c4 c6 2. Nc3 d5 3. d4 Nf6 4. Nf3 dxc4 5. e4 Bg4 6. Bxc4 e6 7. O-O Nbd7 8.
Bg5 Be7 9. Qd3 O-O 10. Bb3 Bh5 11. Bc2 Ng4 12. Bf4 Bg6 13. h3 f5 14. Qc4 fxe4
15. Qxe6+ Kh8 16. Bxe4 Bxe4 17. Qxe4 Ngf6 18. Qe6 Nh5 19. Bd6 Bxd6 20. Qxd6 Rf7
21. Qb4 Rxf3 22. gxf3 Qg5+ 23. Kh1 Qf5 24. Kg2 Nf4+ 0-1

[Event "Plymouth (MI Op/5/60)"]
[Site "?"]
[Date "1984.??.??"]
[Round "?"]
[White "Teismann, J.."]
[Black "Carpenter, George"]
[Result "1-0"]
[WhiteElo "1725"]
[BlackElo "1605"]
[PlyCount "53"]
[EventDate "1984.??.??"]

{5/(60)} 1. c4 c5 2. Nf3 Nf6 3. Nc3 Nc6 4. e3 e6 5. d4 d5 6. cxd5 Nxd5 7. Bb5
Nxc3 8. bxc3 Bd7 9. O-O cxd4 10. exd4 a6 11. Bd3 Be7 12. Qc2 g6 13. Bh6 Bf8 14.
Qd2 Bxh6 15. Qxh6 Qf6 16. Rfe1 O-O-O 17. Rab1 Rhg8 18. Be4 Qg7 19. Qxg7 Rxg7
20. Ne5 Kc7 21. Rb2 f6 22. Nxc6 bxc6 23. Reb1 Rgg8 24. Rb7+ Kd6 25. c4 Rc8 26.
R1b6 Rc7 27. c5+ 1-0